Makro- és mikrokörnyezet elemzés egy sütőipari vállalkozás vonatkozásában
| Szerző: | |
|---|---|
| További közreműködők: | |
| Dokumentumtípus: | Diplomadolgozat |
| Kulcsszavak: | kis- és középvállalkozás - KKV makrokörnyezet mikrokörnyezet sütőipar SWOT-elemzés |
| Online Access: | http://dolgozattar.uni-bge.hu/59622 |
MARC
| LEADER | 00000nta a2200000 i 4500 | ||
|---|---|---|---|
| 001 | dolg59622 | ||
| 005 | 20260409145322.0 | ||
| 008 | 260409suuuu hu om 000 hun d | ||
| 040 | |a BGE Dolgozattár Repozitórium |b hun | ||
| 041 | |a hu | ||
| 100 | 1 | |a Váradi Zoltán Renátó | |
| 245 | 1 | 0 | |a Makro- és mikrokörnyezet elemzés egy sütőipari vállalkozás vonatkozásában |c Váradi Zoltán Renátó |h [elektronikus dokumentum] |
| 520 | 3 | |a A cél egy sütőipari berendezések beszerzésével, értékesítésével és javításával foglalkozó vállalat makro- és mikrokörnyezetének az elemzése volt. Mindezt annak érdekében, hogy megérthessük és megállapíthassuk a céget befolyásoló kihívásokat. Fényderül a vállalatot körülvevő versenyre, versenytársakra a cég gyengeségeire, erősségeire és ki nem használt potenciájára. Sor kerül a javaslatok megfogalmazására, amivel remélhetőleg a szervezet ki tud emelkedni a környezetéből és stabilabb állapotot képes elérni. | |
| 695 | |a kis- és középvállalkozás - KKV | ||
| 695 | |a makrokörnyezet | ||
| 695 | |a mikrokörnyezet | ||
| 695 | |a sütőipar | ||
| 695 | |a SWOT-elemzés | ||
| 700 | 1 | |a Kasza Lajos |e ths | |
| 856 | 4 | 0 | |u http://dolgozattar.uni-bge.hu/59622/1/Szakdolgozat%20-%20V%C3%A1radi%20Zolt%C3%A1n%20Ren%C3%A1t%C3%B3%20%20100%25.pdf |z Dokumentum-elérés |
| 856 | 4 | 0 | |u http://dolgozattar.uni-bge.hu/59622/2/TITKOSITAS.pdf |z Dokumentum-elérés |
| 856 | 4 | 0 | |u http://dolgozattar.uni-bge.hu/59622/3/V%C3%A1radi%20Zolt%C3%A1n%20Ren%C3%A1t%C3%B3BA%20KM%20magyar%20b%C3%ADr%C3%A1lati%20lap%20BELS%C5%90.pdf |z Dokumentum-elérés |
| 856 | 4 | 0 | |u http://dolgozattar.uni-bge.hu/59622/4/V%C3%A1radi%20Zolt%C3%A1n%20Ren%C3%A1t%C3%B3.pdf |z Dokumentum-elérés |